01190nas a2200313 4500001001300000003000900013005001700022007000300039008003400042040005400076041000900130072000800139100001800147100001900165100001900184100002000203100001700223100001900240100002900259245016600288246015000454650001100604650002000615650001400635650001600649650001300665650001800678773018000696BR2011008096BR-BrBNA20231205115833.0ta230509b bl.|||p| |||| 00| 00por d aBR-BrBNAbporcBiblioteca Nacional de Agricultura a(Pt) aL701 aPachaly, J.R.1 aCarneiro, M.R.1 aAlberton, L.R.1 aBelettini, S.T.1 aAzzolini, F.1 aPrazeres, R.F.1 aVoltarelli-Pachaly, E.M.1 aContenção farmacológica e anestesia de campo em primatas da subfamília Cercopithecinae empregando a fórmula "ZAX-50" (Zoletil/50 + atropina + xilazina)1 aChemical restraint and field anesthesia in primates of the subfamily Cercopithecinae with the "ZAX-50" formula (Zoletil/50 + atropine + xylazine) aMACACO aANIMAL SELVAGEM aANESTESIA aMEDICAMENTO aCIRURGIA aVETERINÁRIA0 tMEDVEP. Revista Científica de Medicina Veterinária. Pequenos Animais e Animais de Estimação (Brazil)xISSN 1678-1430g(Aug-Oct 2011), v. 9(30) p. 451-459wBR2011008096